Responses for Show #7406 - Monday, November 21, 2016

2016 Teen Tournament final game 1.
From DAR Constitution Hall in Washington, D.C.

Contestants

[<< previous game]

Alec Fischthal, a junior from North Woodmere, New York

Sharath Narayan, a sophomore from Madison, Alabama

Michael Borecki, a junior from Darien, Connecticut

[next game >>]

Jeopardy! Round responses

MANIC PIXEL DREAM GIRLS
LOOKING AT COLLEGES
(Alex: Something you'll be doing soon.)
MATH MEN, MYTH MEN
HOBBIES & PASTIMES
LANGUAGES
"G" PLUS 3
(Alex: Each correct response will begin with a "G" and will be followed by three other letters.)
    $200 6
Boston

Sharath
    $200 17
Midas

Sharath
    $200 19
coin collecting

Michael
    $200 3
Polish

Alec
    $200 12
a gust

Sharath
    $400 29
[The end-of-round signal sounds.]

Zelda

Alec
    $400 7
Princeton

Sharath
    $400 22
Pythagoras

Alec
    $400 18
Rollerblade

Alec
    $1,200 4
French

Alec
    $400 11
a goat

Sharath
    $600 27
Assassin's Creed

Michael
    $600 8
(Alec: What is Oklahoma?)

(University of) Nebraska

SharathAlec
    $600 21
(Michael: What are decimal... places?)
[Originally ruled incorrect; reversed at the beginning of Double Jeopardy!]

fractions

MichaelAlec
    $600 23
Trivial Pursuit

Michael
    $600 5
worries

Alec
    $600 13
gaze

Michael
    $800 24
(Alex: Well, that stopped them. It's called [*].)

The Last of Us

Triple Stumper
    $800 9
University of Notre Dame

Triple Stumper
    $800 14
trigonometry

Sharath
    $800 25
(Sharath: What is live-action role-play?)

cosplay

MichaelSharath
    $800 1
(Alex: Michael, I know you by now. Which $800 clue do you want revealed first?)
(Michael: LANGUAGES for $800.)
(Alex: Thank you very much.)

shalom

Michael
    $800 15
a gash

Sharath
    $1000 28
Cortana

Sharath
    $1000 10
Maine

Triple Stumper
    $1000 20
(Alec: Who is... Perseus?)

Hercules

MichaelAlec
    $1000 26
(Alex: Less than a minute to go now.)

paraffin

Sharath
    $1000 2
Greek

Alec
    $1000 16
to gird

Alec

Scores at the first commercial break (after clue 15):

Michael Sharath Alec
$1,400 $3,400 $2,400

Scores at the end of the Jeopardy! Round:

Michael Sharath Alec
$5,200 $4,800 $4,200

Double Jeopardy! Round responses

STUFF THAT EXPLODES
WOMEN AUTHORS
ALLITERATIVE WORD PAIRS
GEOGRAPHY
COLONIAL AMERICA
THE VOICE SONG CHOICES
    $400 29
popcorn

Alec
    $400 30
Nancy Drew

Alec
    $400 28
(Alec: [*]? What is [*]?)

class clown

Alec
    $400 1
Cairo

Sharath
    $400 26
Jamestown

Alec
    $400 16
Pharrell

Michael
    $800 24
a volcano

Michael
    $800 2
(Emily) Dickinson

Sharath
    $800 9
a beach bum

Sharath
    $3,000 5
the Gobi Desert

Alec
    $800 25
(Michael: What is Boston?)

Philadelphia

MichaelAlec
    $800 15
The Weeknd

Sharath
    $1200 21
the Maine

Sharath
    $1200 3
Richelle Mead

Triple Stumper
    $1200 10
a pen pal

Sharath
    $1200 6
(Michael: What is Bosnia-Herzegovina?)
(Alec: Um, what is... Bosnia-Herzegovinia?)

Bulgaria

MichaelSharathAlec
    $1200 14
(Alec: What is Concord?)

Martha's Vineyard

SharathAlec
    $1200 20
"Take Me To Church"

Alec
    $1600 18
a beetle

Triple Stumper
    $1600 4
Iran

Alec
    $1600 11
a gentle giant

Michael
    $1600 7
Chile

Sharath
    $5,600 12
the Stamp Act

Michael
    $1600 22
"I Hope You Dance"

Triple Stumper
    $2000 19
Nobel

Sharath
    $2000 17
The Age of Innocence

Michael
    $2000 27
fact finding

Triple Stumper
    $2000 8
the Adriatic

Sharath
    $2000 13
the Great Awakening

Alec
    $2000 23
(Alec: Um, who is uh, um...)

Sia

SharathAlec

Scores at the end of the Double Jeopardy! Round:

Michael Sharath Alec
$13,600 $20,000 $10,000

Final Jeopardy! Round responses

FAMOUS NAMES
AlecWho is Nelson Mandela
$6,500
MichaelWho is Mohandas Gandhi?
$13,600
SharathWho is Nelson Mandela
$8,000
Nelson Mandela

Final scores:

Michael Sharath Alec
$0 $28,000 $16,500

Game dynamics:

Coryat scores:

Michael Sharath Alec
$9,600 $20,000 $7,000
13 R
(including 1 DD),
2 W
22 R,
1 W
18 R
(including 2 DDs),
5 W

Combined Coryat: $36,600

[game clues] [game scores] [suggest correction]

Game tape date: 2016-04-13
The J! Archive is created by fans, for fans. Scraping, republication, monetization, and malicious use prohibited; this site may use cookies and collect identifying information. See terms. The Jeopardy! game show and all elements thereof, including but not limited to copyright and trademark thereto, are the property of Jeopardy Productions, Inc. and are protected under law. This website is not affiliated with, sponsored by, or operated by Jeopardy Productions, Inc. Join the discussion at JBoard.tv.